000 00345nam a2200133Ia 4500
008 100328s9999 xx 000 0 und d
082 _b17396
100 _aचंदर कुश्न
245 _aप्यास
260 _bशिक्षा भारती
630 _aप्यास
730 _aप्यास
942 _cBOOK
999 _c511973
_d511970